000 00317nam a2200133Ia 4500
008 231129s2013||||xx |||||||||||||| ||spa||
040 _bspa
082 _aCo863 R934ti
100 _aRuiz Valencia José
245 0 _aTierra llena: cuentos
260 _c2013
264 _aLitografí­a Prenobel
942 _2ddc
_cBKS
999 _c25406
_d25406